Top 50 Baby Boy Names Beginning with V - Statistics

General Stats
  • This quiz has been taken 385 times
  • The average score is 13 of 50
Answer Stats
Hint Answer % Correct
49 Vik
95%
2 Victor
94%
17 Viktor
94%
19 Vince
92%
1 Vincent
89%
8 Van
77%
37 Vann
77%
33 Vinny
58%
9 Vance
50%
10 Vaughn
48%
25 Von
48%
23 Valen
44%
22 Vernon
40%
7 Valentin
37%
11 Veer
35%
34 Vir
35%
5 Vincenzo
29%
3 Valentino
28%
16 Vladimir
27%
20 Vito
23%
28 Valentine
20%
14 Valor
19%
21 Virgil
18%
30 Viggo
16%
26 Vander
14%
32 Vikram
14%
38 Vian
13%
36 Viyan
13%
15 Ved
12%
35 Vedh
12%
47 Vittorio
12%
6 Vincente
10%
45 Vidal
6%
44 Valente
3%
42 Varun
3%
4 Vihaan
3%
41 Vihan
3%
48 Vivan
3%
43 Vinson
2%
24 Viraaj
2%
18 Viraj
2%
27 Vedant
1%
13 Viaan
1%
50 Virat
1%
46 Vadhir
0%
40 Vansh
0%
31 Vendansh
0%
39 Vendanth
0%
12 Viyaan
0%
29 Vyom
0%
No matching quizzes found
Score Distribution
Percent of People with Each Score
Percentile by Number Answered
Your Score History
You have not taken this quiz